01448nam#a2200241 45000010014000000030004000140050017000180060019000350070015000540080041000690200018001100400018001281000035001462450038001812500018002192600013002372640048002503000022002983360026003203370026003465200783003728560051011559781456218485VST20250425090629.0m o d cr#un#---uucau131111s2014 MEX eng d a9781456218485 aVSTcVSTdVST1 aArtemio López Quirozeauthor10aTaller de lectura y redacción 2 afirst edition aMexico : 1aMexico :bMcGraw-Hill Interamericana,c2014 a1 online resource atextbtxt2rdacontent acomputerbc2rdamedia aEl libro que tienes en tus manos es el complemento del Taller de Lectura y Redacción 1 y un preámbulo al curso de Literatura 1, ubicado en el tercer semestre del bachillerato general. Al igual que su antecedente, tiene el propósito de brindarte los conocimientos sobre el idioma español y las herramientas metodológicas necesarias para que adquieras y logres desarrollar tus habilidades comunicativas: leer, escribir, escuchar y hablar. Diseñado en apego a los actuales programas de estudio, el libro consta de diez bloques en los que hallarás exposiciones teóricas sobre los contenidos temáticos, así como abundantes actividades que, de manera gradual, te irán facilitando los saberes y destrezas que integran las competencias genéricas y disciplinares.40uhttps://resolver.vitalsource.com/9781456218485